Curso de derecho penal

Wedi'i Gadw mewn:
Manylion Llyfryddiaeth
Prif Awdur: Bullemore Gallardo, Vivian Robert (autor)
Awduron Eraill: MacKinnon Roehrs, John R. W. (autor)
Fformat: Llyfr
Iaith:Sbaeneg
Cyhoeddwyd: Santiago, Chile: LexisNexis, 2007
Rhifyn:2a. edición, actualizada y aumentada
Pynciau:
Tagiau: Ychwanegu Tag
Dim Tagiau, Byddwch y cyntaf i dagio'r cofnod hwn!

MARC

LEADER 00000nam a2200000 a 4500
001 UCI3530
003 CL-VaPUC
005 20250507093238.0
008 071109e20070000CL |||||||||||||||||spa|d
999 |c 327683  |d 327681 
020 |a 9789562387163 
040 |c Pontificia Universidad Católica de Valparaíso 
082 0 4 |a 345.83 BUL 2007  |2 21 
100 |a Bullemore Gallardo, Vivian Robert   |e autor  |9 494333 
245 1 0 |a Curso de derecho penal 
250 |a 2a. edición, actualizada y aumentada 
260 |a Santiago, Chile:  |b LexisNexis,  |c 2007 
300 |a 4 tomos. 
505 |a t.I: Parte general. Módulo N° 1. Conceptos generales y principios formativos del derecho penal. Módulo N° 2. La teoría de la ley penal. Módulo N° 3. La teoría de la pena. Módulo N° 4. Introducción a la teoría del delito. t.II: Teoría del derecho. Módulo N° 1. Los elementos del delito. Módulo N° 2. El tercer elemento del delito: La culpabilidad-Los elementos del delito, segunda parte. Módulo N° 3. Autoría y participación criminal, e Iter Criminis. Módulo N° 4. Unidad y pluralidad de delitos y circunstancias modificatorias de la responsabilidad criminal. t.III: Parte especial. Módulo N° 1. Delitos contra el individuo en sus condiciones físicas. Módulo N° 2. Delitos contra la libertad. Módulo N° 3. Delitos contra la libertad sexual y la moral sexual. Módulo N° 4. Delitos contra la constitución de la familia. Módulo N° 5. Delitos contra la honra de las personas. Módulo N° 6. Delitos de la ley de drogas. Módulo N° 7. Delitos contra el medio ambiente. t.IV: Parte especial. Módulo N° 1. Delitos contra el patrimonio. Módulo N° 2. Delitos contra la fe pública y privada. Módulo N° 3. Delitos cometidos por funcionarios públicos. Módulo N° 4. Delitos contra la administración de justicia. Módulo N° 5. Delitos concursales (Ley de quiebras, texto refundido de la Ley n° 18.175) Módulo N° 6. Delitos tributarios. 
583 |a last modification  |c 20071109 00:00:00  |k Rodrigo Vera 
650 1 |a Derecho penal chileno  |9 902510 
700 |a MacKinnon Roehrs, John R. W.  |e autor  |9 791186 
942 |c BK  |2 ddc 
945 |d 20071109 00:00:00  |a jtorresc 
952 |0 0  |1 0  |4 0  |6 345_830000000000000_BUL_2007  |7 0  |8 A  |9 410860  |a BIBDER  |b BIBDER  |d 2019-11-22  |h t.I  |i 4386213  |l 3  |o 345.83 BUL 2007  |p 4386213  |r 2023-08-24  |s 2023-08-24  |w 2019-11-22  |y BK  |k DER 
952 |0 0  |1 0  |4 0  |6 345_830000000000000_BUL_2007  |7 0  |8 A  |9 410861  |a BIBDER  |b BIBDER  |d 2019-11-22  |h t.II  |i 4386221  |o 345.83 BUL 2007  |p 4386221  |r 2023-01-25  |w 2019-11-22  |y BK  |k DER 
952 |0 0  |1 0  |4 0  |6 345_830000000000000_BUL_2007  |7 0  |8 A  |9 410862  |a BIBDER  |b BIBDER  |d 2019-11-22  |h t.I  |i 4400151  |l 2  |m 1  |o 345.83 BUL 2007  |p 4400151  |r 2023-03-17  |s 2023-03-17  |w 2019-11-22  |y BK  |k DER 
952 |0 0  |1 0  |4 0  |6 345_830000000000000_BUL_2007  |7 0  |8 A  |9 410863  |a BIBDER  |b BIBDER  |d 2019-11-22  |h t.II  |i 440016K  |l 3  |o 345.83 BUL 2007  |p 440016K  |r 2023-07-14  |s 2023-07-14  |w 2019-11-22  |y BK  |k DER 
952 |0 0  |1 0  |4 0  |6 345_830000000000000_BUL_2007  |7 0  |8 A  |9 410864  |a BIBDER  |b BIBDER  |d 2019-11-22  |h t.III  |i 4400178  |l 1  |o 345.83 BUL 2007  |p 4400178  |r 2024-06-26  |s 2024-06-26  |w 2019-11-22  |y BK  |k DER 
952 |0 0  |1 0  |4 0  |6 345_830000000000000_BUL_2007  |7 0  |8 A  |9 410865  |a BIBDER  |b BIBDER  |d 2019-11-22  |h t.IV  |i 4400186  |o 345.83 BUL 2007  |p 4400186  |r 2023-01-25  |w 2019-11-22  |y BK  |k DER 
952 |0 0  |1 0  |4 0  |6 345_830000000000000_BUL_2007  |7 0  |8 A  |9 410866  |a BIBDER  |b BIBDER  |d 2019-11-22  |h t.III  |i 4512820  |o 345.83 BUL 2007  |p 4512820  |r 2023-01-25  |w 2019-11-22  |y BK  |k DER 
952 |0 0  |1 0  |4 0  |6 345_830000000000000_BUL_2007  |7 0  |8 A  |9 410867  |a BIBDER  |b BIBDER  |d 2019-11-22  |h t.IV  |i 4512839  |l 1  |o 345.83 BUL 2007  |p 4512839  |r 2024-06-26  |s 2024-06-26  |w 2019-11-22  |y BK  |k DER